000 00582cam a22002053a 4500
999 _c2378
_d2378
005 20180413020852.0
008 080702s2008||||xxu|||||s|||||000 1 eng d
040 _cAPEC Schools Library
_erda
041 _aeng
100 1 _aMorris, William,
_d 1834-1896
245 1 0 _aChild Christopher and Goldilind the Fair /
_cWilliam Morris
336 _2rdacontent
_atext
337 _2rdamedia
_acomputer
338 _2rdacarrier
_aonline resource
506 _aPublic domain in the USA.
516 _aText
653 _aFantasy fiction
655 _aelectronic books
856 4 0 _uhttps://goo.gl/aRo7Ve
942 _2ddc
_cEBK